000 00874nam a2200241 i 4500
001 bg
100 1 _aPAWLIKOWSKI, Jan
245 1 0 _aPodstawy projektowania probabilistycznego konstrukcji z betonu =
_bBasis of probabilistic design of concrete structures /
_cJan Pawlikowski.
260 _aWarszawa :
_bITB,
_c2004.
300 _a113 s. :
_bwykr. ;
_c24 cm.
490 1 _aPrace Naukowe Instytutu Techniki Budowlanej. Monografie =
_aScientific Papers of the Building Research Institute. Monographs
500 _aNr serii gł.: 445. - Streszcz. ang.
504 _aBibliogr.
650 9 _aKonstrukcje betonowe
_xprojekty
830 0 _aPrace Naukowe Instytutu Techniki Budowlanej.
_pMonografie
020 _a8374135557
040 _cBPK
041 0 _apol
080 _a624.012.4
920 _a83-7413-555-7
942 _cKS
008 s pl f |000 0 pol
999 _c45370
_d45370
856 _uhttp://koha.tu.koszalin.pl/cgi-bin/koha/opac-detail.pl?biblionumber=45370
_yKatalog online BPK